000 00362nam a2200157Ia 4500
008 230605s1999 xx 000 0 und d
041 _aeng
100 _aCollister
245 _aThe complete Bread & Baking book
260 _bChancellor press pub.
_c1999
300 _a368p
365 _h20
520 _aGeneral
520 _aHard Board
650 _aF.Pro
999 _c420634
_d420634